000 00832nas a2200253 454500
001 44099
005 20260407193511.0
008 260407s2017####ag###########|||spa#d
003 AR-UNSa-BCEJYS
040 _aAR-UNSa-BCEJYS
_bspa
_cAR-UNSa-BCEJYS
080 _a06.055
_xPublicaciones, informes concernientes al trabajo de la organización
245 1 0 _aLa perla del oeste
264 1 _aBuenos Aires :
_bUniversidad Nacional de Hurlingham
_c2017
310 _aFrecuencia: Irregular
041 _aspa
942 _cSER
590 _aniveau_biblio:s niveau_hierar:1
100 1 _aUniversidad Nacional de Hurlingham
700 1 _aPerczyk, Jaime
650 _aEducación
650 _aHistoria
650 _aEDUCACION SUPERIOR
856 4 1 _uhttps://biblioeco.unsa.edu.ar/pmb/images/revistas/R21431.jpg
_yImagen de portada
_qimage/jpeg
999 _c8919
_d8919